01734nam a2200373 i 4500001001900000003000600019005001700025008004100042015001900083016001800102020001800120035002100138035002600159035002900185035001800214035002400232040003700256041000800293042001000301050002200311100002800333245004400361246003300405246002900438260004700467300007100514500002000585500002700605505015600632520046600788650004201254650004301296650002101339990226356140107026UkOxU20251008103029.0200602t20212012enka 001 0 eng d aGBC0A07722bnb7 a0198669322Uk a9781786276827 a(UkOxU)022635614 a(UkOxU)022635614BIB01 a(UkCU)991006800458203606 a(Uk)019866932 a(StEdALDL)1/3975979 aStDuBDSbengerdacStDuBDSdUkCU aeng aukscp aTT509 b.B53 2007 aBlackman, Callyeauthor a100 years of fashionc/ Cally Blackman. aOne hundred years of fashion aHundred years of fashion aLondon :bLaurence King Publishing,c2021. a399 pages :billustrations (black and white, and colour) ;c20 cm. aIncludes index. aFirst published: 2012. aIntroduction — 1900-1924 — 1925-1949 — 1950-1974 — 1975 and beyond — List of illustrators — Index — Picture credits and acknowledgements. aThis book documents the most exciting and diverse period in fashion: from 1900 on, when women’s lives and manner of dress changed dramatically. From home dressmaking to couture, from wartime rationing to ‘The New Look’, from the birth of the teenager to mass manufacture, this selection of over 400 photographs and illustrations tells the fascinating story of a fashion revolution. 100 Years of Fashion will appeal to everyone with an interest in fashion. 0aFashion designxHistoryy20th century 0aFashion drawingxHistoryy20th century 0aFashionxHistory